000
00328nam a2200145Ia 4500
008
230718s9999 xx 000 0 und d
041
_a
Eng.
082
_a
197.3
_b
MAD-D
100
_a
Madsma, ANN
245
0
_a
Dearing and Beyond
260
_a
Pakistan
_b
oxford curately
_c
1997
300
_a
218
650
_a
Law
999
_c
26050
_d
26050